000 01101cab a2200241 4500
001 L136164
008 070116e20070111 d f s 000 0 eng u
035 _a(Sirsi) u136164
041 0 _aeng
050 0 4 _a333.33 $2 18
110 2 _aRoyal Institution of Chartered Surveyors
_bEconomics
_95033
245 0 0 _aRICS accessibility and affordability indices
_bJanuary 2007
_baccessibility worsens for UK home buyers
_h[electronic resource]
260 _aRICS
_bLondon
_c2007
490 0 _aRICS Accessibility and Affordability Indices
_vJanuary 2007
520 _aDetails the worsening situation for home buyers in 2007 and beyond, providing statistics which show comparisons with previous years, and giving average costs for a couple wishing to purchase a home as first time buyers.
590 _aNTK
650 2 4 _aRICS AFFORDABILITY INDEX
650 2 4 _aRICS ACCESSIBILITY INDEX
651 4 _aUnited Kingdom
_y
690 _aResidential property
_96266
856 4 0 _uhttps://www.rics.org/RICSWEB/getpage.aspx?p=VNiwG3Ly406fJyC9LyH04w
_zView the report free of charge at www.rics.org...
942 _n0
999 _c106334
_d106334